| 000 | 01076nam a2200241Ia 4500 | ||
|---|---|---|---|
| 001 | 242.1-SCA gi di (2065) | ||
| 003 | IT-MiSPE | ||
| 008 | 171229s9999||||xx |||||||||||||| ||und|| | ||
| 040 |
_aIT-MiSPE _cIT-MiSPE |
||
| 041 | _aITALIANO | ||
| 100 | _aGiovanni Battista Scaramelli | ||
| 245 | 0 |
_aDirettorio Ascetico _bI. |
|
| 250 | _a1a ed. (v) | ||
| 260 |
_aAlba (CN) _bPSSP _c(st.) 1943 |
||
| 300 |
_aXV, 641 p. [4 v.] _c18 cm |
||
| 490 |
_a Il fiore dei santi Padri... _v16 |
||
| 501 | _aEdizioni San Paolo srl - Piazza Soncino, 5 - 20092 CINISELLO BALSAMO (MI) (non commercial uses only) ® Copyright 2018 | ||
| 520 | _aLorenzo Tognetti (con rifacimento linguistico) | ||
| 700 | _aLorenzo Tognetti | ||
| 942 | _cBK | ||
| 957 | _71 | ||
| 999 |
_a11397 _bNO _g Copie: 1 _c342181 _d342181 |
||